[Event "Prague Int Open 2026"]
[Site "Prague CZE"]
[Date "2026.02.27"]
[Round "2.7"]
[White "Lorscheid, Gerhard"]
[Black "Mayank, Chakraborty"]
[Result "0-1"]
[WhiteTitle "FM"]
[BlackTitle "IM"]
[WhiteElo "2165"]
[BlackElo "2473"]
[WhiteFideId "4606000"]
[BlackFideId "25659766"]
[EventDate "2026.02.26"]

1. d4 Nf6 2. Nf3 g6 3. c4 Bg7 4. Nc3 O-O 5. e4 d6 6. Be2 e5 7. d5 a5 8. Bg5 h6
9. Bh4 Na6 10. Nd2 Qe8 11. O-O Nh7 12. Kh1 h5 13. f3 Bd7 14. Rb1 Bh6 15. b3 Be3
16. a3 Bc5 17. Qc1 f5 18. exf5 gxf5 19. f4 e4 20. Na2 Bd4 21. Nc3 Qg6 22. Nb5
Bb6 23. b4 axb4 24. axb4 Rf7 25. c5 Rg7 26. g3 dxc5 27. bxc5 Nxc5 28. Nc4 Nd3
29. Bxd3 exd3 30. Ne5 Qe8 31. Nxc7 Bxc7 32. Qxc7 Bc6 33. Qd6 Ba4 34. Qe6+ Qxe6
35. dxe6 Nf8 36. e7 Ng6 37. Bf6 Nxe5 38. fxe5 Rg4 39. Kg1 d2 40. Ra1 Re8 41. Kf2
Re4 42. Bg5 d1=Q 43. Rfxd1 Bxd1 44. Rxd1 Rxe5 45. Rd6 b5 46. Kf3 Kf7 47. Kf4 Re6
48. Rd5 Rb6 49. Rxf5+ Kg7 50. g4 b4 51. gxh5 b3 52. h6+ Kg6 53. Rf8 Rb4+ 54. Ke5
Rbb8 0-1

[Event "Prague Int Open 2026"]
[Site "Prague CZE"]
[Date "2026.02.27"]
[Round "2.8"]
[White "Ioannidis, Evgenios"]
[Black "Olsen, William Alexander"]
[Result "1-0"]
[WhiteTitle "GM"]
[WhiteElo "2469"]
[BlackElo "2155"]
[WhiteFideId "4229274"]
[BlackFideId "1536915"]
[EventDate "2026.02.26"]

1. Nf3 Nf6 2. c4 g6 3. g3 Bg7 4. Bg2 O-O 5. O-O d6 6. d4 c5 7. Nc3 Nc6 8. dxc5
dxc5 9. Bf4 Be6 10. Ne5 Nxe5 11. Bxe5 Qa5 12. b3 Rad8 13. Qe1 Qa6 14. Nb5 Rd7
15. a4 Rfd8 16. Qc3 Ne8 17. Bxg7 Nxg7 18. Qe5 Qa5 19. Qxc5 a6 20. b4 b6 21. bxa5
bxc5 22. Rfc1 Rd2 23. Nc3 Rb2 24. e3 Bxc4 25. Ne4 Rb4 26. Nxc5 Ne6 27. Nxe6 Bxe6
28. Bf1 Rd5 29. Bxa6 Rxa5 30. Bb5 Bd5 31. Rab1 Re4 32. Rc5 e6 33. Rc3 g5 34. f3
Re5 35. e4 Ba8 36. Rc8+ Kg7 37. Be8 Rec5 38. Rbb8 Rxc8 39. Rxc8 g4 40. fxg4 Bxe4
41. Rc7 Bg6 42. Bb5 Kf6 43. Kf2 h5 44. gxh5 Bxh5 45. Rc1 Bg4 46. Ke3 Ke5 47.
Rc5+ Kd6 48. Rc6+ Kd5 49. Ra6 Rxa6 50. Bxa6 e5 51. a5 f5 52. h4 Kc5 53. Be2 f4+
54. gxf4 exf4+ 55. Kf2 Kd5 1-0

[Event "Prague Int Open 2026"]
[Site "Prague CZE"]
[Date "2026.02.27"]
[Round "2.9"]
[White "Praveen K B"]
[Black "Guidarelli, Laurent"]
[Result "1/2-1/2"]
[BlackTitle "GM"]
[WhiteElo "2158"]
[BlackElo "2467"]
[WhiteFideId "25618920"]
[BlackFideId "611123"]
[EventDate "2026.02.26"]

1. d4 e6 2. c4 f5 3. Nc3 Nf6 4. Nf3 Bb4 5. Bd2 O-O 6. e3 b6 7. Bd3 Bb7 8. a3
Bxc3 9. Bxc3 Ne4 10. Qc2 d6 11. O-O-O Nd7 12. Ne1 c5 13. f3 Nxc3 14. Qxc3 Rc8
15. d5 exd5 16. cxd5 c4 17. Bc2 b5 18. g4 fxg4 19. Rg1 Qf6 20. Rxg4 Qxc3 21.
bxc3 Rce8 22. e4 Ne5 23. Rg3 Rf4 24. Rd2 Bc8 25. Bd1 Bd7 26. Rdg2 g6 27. Nc2 Rb8
28. Nd4 a5 29. Kd2 Rf7 30. h4 Kf8 31. h5 Ke7 32. hxg6 hxg6 1/2-1/2

[Event "Prague Int Open 2026"]
[Site "Prague CZE"]
[Date "2026.02.27"]
[Round "2.10"]
[White "Blanchet, Mathieu"]
[Black "Zhao, Yuanhe"]
[Result "0-1"]
[BlackTitle "IM"]
[WhiteElo "2153"]
[BlackElo "2466"]
[WhiteFideId "26052610"]
[BlackFideId "8609497"]
[EventDate "2026.02.26"]

1. e4 c5 2. Nf3 a6 3. c3 e6 4. d4 d5 5. e5 Bd7 6. Be2 Bb5 7. O-O Bxe2 8. Qxe2
Nc6 9. Bg5 Be7 10. Bxe7 Qxe7 11. Nbd2 cxd4 12. cxd4 Nh6 13. a3 Nf5 14. Qd3 h5
15. b4 g5 16. Nb3 g4 17. Nfd2 h4 18. Rac1 Kf8 19. Rfd1 Qg5 20. Nf1 Rg8 21. Qd2
g3 22. fxg3 hxg3 23. h3 Qxd2 24. Rxd2 Ke7 25. Rc3 Rac8 26. Rf3 b6 27. Ne3 Nxe3
28. Rxe3 a5 29. Rdd3 axb4 30. axb4 Nxb4 31. Rc3 Rxc3 32. Rxc3 Kd7 33. Rf3 Rg7
34. Kf1 Nc6 35. Ke2 Ne7 36. Rf4 Nf5 37. Kd3 Rg8 38. Nc1 Ra8 39. h4 Rh8 40. Ne2
Rxh4 41. Rxh4 Nxh4 42. Nxg3 Nxg2 43. Nh5 Nh4 44. Nf6+ Kc6 45. Nh7 Nf5 46. Ng5
Nh6 47. Kc3 Kb5 48. Kb3 Ka5 49. Nf3 Nf5 50. Ng5 Nxd4+ 51. Kc3 Nc6 52. Nxf7 b5
53. Ng5 b4+ 54. Kb2 Nd4 0-1

[Event "Prague Int Open 2026"]
[Site "Prague CZE"]
[Date "2026.02.27"]
[Round "2.11"]
[White "Haring, Filip"]
[Black "Mnatsakanyan, Aren"]
[Result "1-0"]
[WhiteTitle "GM"]
[BlackTitle "CM"]
[WhiteElo "2461"]
[BlackElo "2148"]
[WhiteFideId "14933080"]
[BlackFideId "13320424"]
[EventDate "2026.02.26"]

1. e4 c6 2. d4 d5 3. e5 Bf5 4. Nf3 e6 5. Be2 Ne7 6. O-O Nd7 7. Nbd2 h6 8. Nb3
Qc7 9. a4 a6 10. a5 g5 11. c3 Bg7 12. Ne1 c5 13. f4 c4 14. Nd2 gxf4 15. b3 cxb3
16. Nxb3 O-O 17. Bxf4 Ng6 18. Bd2 Be4 19. Nd3 Kh7 20. Nf2 Bf5 21. Rc1 Ne7 22. c4
Qd8 23. Bb4 dxc4 24. Rxc4 Re8 25. Bd3 f6 26. Bxe7 Qxe7 27. Rc7 Qd8 28. Qc2 Kh8
29. Bxf5 exf5 30. Rxb7 fxe5 31. Qxf5 Re7 32. d5 Nf6 33. Rxe7 Qxe7 34. Qe6 Re8
35. Qxe7 Rxe7 36. Rd1 Rd7 37. Nc5 Rxd5 38. Rxd5 Nxd5 39. Nxa6 Nc3 40. Nc5 Bf8
41. Nfe4 Nd5 42. a6 Be7 43. Nd7 Nc7 44. a7 Na8 45. Nxe5 Kg7 46. Kf2 Bd8 47. Nc6
Bb6+ 48. Ke2 Kf7 49. Kd3 Ke6 50. Kc4 Nc7 51. Nc3 Kd7 52. Nb8+ Kc8 53. Na6 Na8
54. Nb5 Kb7 55. Nc5+ Kc6 56. Ne6 Be3 57. Ned4+ Kb7 58. Kd3 Bc1 59. Ne6 Nb6 60.
Ke4 Kc6 61. Nbc7 Kb7 62. a8=Q+ Nxa8 63. Nxa8 Kxa8 64. Kf5 Kb7 65. Kg6 Kc6 66.
Nd4+ Kd5 67. Nf5 Ke4 68. Nxh6 Bf4 69. h4 Bg3 70. Nf5 Be1 71. g4 Kf4 72. g5 1-0

[Event "Prague Int Open 2026"]
[Site "Prague CZE"]
[Date "2026.02.27"]
[Round "2.12"]
[White "Torfoss, Sivert Schanche"]
[Black "Popovic, Dusan"]
[Result "1-0"]
[WhiteTitle "CM"]
[BlackTitle "GM"]
[WhiteElo "2150"]
[BlackElo "2452"]
[WhiteFideId "1542761"]
[BlackFideId "927031"]
[EventDate "2026.02.26"]

1. d4 Nf6 2. c4 d6 3. Nf3 g6 4. g3 Bg7 5. Bg2 O-O 6. Nc3 Nbd7 7. O-O e5 8. e4
Re8 9. Re1 b6 10. b3 a6 11. Bb2 exd4 12. Nxd4 Bb7 13. Qd2 Nc5 14. Qc2 Qc8 15.
Rad1 c6 16. b4 Ncd7 17. Nb3 d5 18. c5 a5 19. exd5 Rxe1+ 20. Rxe1 axb4 21. Nb5
Rxa2 22. Nd6 Qc7 23. Qb1 Rxb2 24. Qxb2 bxc5 25. Nxb7 Nxd5 26. Re8+ Nf8 27. Qc2
Qxb7 28. Bxd5 cxd5 29. Qxc5 Qd7 30. Ra8 h5 31. Qxb4 h4 32. Qxh4 Qb7 33. Qa4 d4
34. Rd8 Bf6 35. Qa8 Qb4 36. Rb8 Qe7 37. Qd5 Qe1+ 38. Kg2 Qc3 39. Nc5 Be7 1-0

[Event "Prague Int Open 2026"]
[Site "Prague CZE"]
[Date "2026.02.27"]
[Round "2.13"]
[White "Gloeckler, Christian"]
[Black "Preissler, Niklas"]
[Result "1-0"]
[WhiteTitle "IM"]
[WhiteElo "2444"]
[BlackElo "2131"]
[WhiteFideId "34608966"]
[BlackFideId "12927554"]
[EventDate "2026.02.26"]

1. e4 c5 2. Nf3 d6 3. d4 cxd4 4. Nxd4 Nf6 5. Nc3 a6 6. h3 e5 7. Nf3 Be7 8. g4 h6
9. Rg1 b5 10. g5 hxg5 11. Nxg5 Bb7 12. Be3 Qc7 13. Qd2 Nbd7 14. O-O-O Rc8 15.
Kb1 Nb6 16. f4 Nc4 17. Bxc4 Qxc4 18. Qg2 b4 19. fxe5 bxc3 20. b3 Bxe4 21. exf6
Bxg2 22. fxg7 Qh4 23. gxh8=Q+ Qxh8 24. Rxg2 Bxg5 25. Bxg5 Qxh3 26. Re2+ Kd7 27.
Re7+ Kc6 28. Bc1 f5 29. Rd4 Rf8 30. Re3 Qh1 31. Rxc3+ Kd7 32. Rcd3 f4 33. Rd1
Qh2 34. Ba3 Rf6 35. Bxd6 Kc6 36. Be5 Rf7 37. Rc4+ Kb7 38. Rb4+ Ka7 39. Rd8 Qh1+
40. Kb2 a5 41. Bd4+ Ka6 42. Rd6+ 1-0

[Event "Prague Int Open 2026"]
[Site "Prague CZE"]
[Date "2026.02.27"]
[Round "2.14"]
[White "Jaime Galeano, Alcher"]
[Black "Isik, Alparslan"]
[Result "1-0"]
[BlackTitle "IM"]
[WhiteElo "2148"]
[BlackElo "2443"]
[WhiteFideId "54573750"]
[BlackFideId "34506896"]
[EventDate "2026.02.26"]

1. e4 c5 2. Nf3 d6 3. d4 cxd4 4. Qxd4 Nc6 5. Bb5 a6 6. Bxc6+ bxc6 7. c4 e5 8.
Qd3 Ne7 9. Nc3 Ng6 10. O-O Be7 11. h3 O-O 12. Be3 f5 13. exf5 Bxf5 14. Qe2 Qd7
15. Nh2 d5 16. Rad1 d4 17. Bc1 Rad8 18. Rfe1 Bc5 19. Bg5 Rb8 20. Bc1 Qf7 21. Na4
d3 22. Qf3 Bd4 23. Be3 e4 24. Qh5 Qxc4 25. b3 Qb4 26. Nf1 Rb5 27. Rd2 Bxe3 28.
fxe3 Bc8 29. Qd1 Rg5 30. Kh1 Nh4 31. Nh2 Qd6 32. Rf1 Nf5 33. Rff2 Qg3 34. Nf1
Qe5 35. Qc1 Rf6 36. Nb6 Be6 37. Qxc6 h5 38. Nc4 Qa1 39. Kh2 h4 40. Rf4 Qe1 41.
Qa8+ Kh7 42. Qxe4 Bf7 43. Ne5 Bh5 44. Rdf2 g6 45. Qb7+ Kh6 46. Nf7+ Rxf7 47.
Qxf7 Be2 48. Qf8+ Kh7 49. e4 Ng7 50. Rf7 Qc3 51. R2f6 Rxg2+ 52. Kxg2 Bxf1+ 53.
Rxf1 1-0

[Event "Prague Int Open 2026"]
[Site "Prague CZE"]
[Date "2026.02.27"]
[Round "2.15"]
[White "Andre, Tomas"]
[Black "Shagbazyan, Taron"]
[Result "1/2-1/2"]
[WhiteTitle "CM"]
[BlackTitle "IM"]
[WhiteElo "2140"]
[BlackElo "2435"]
[WhiteFideId "14975793"]
[BlackFideId "14122073"]
[EventDate "2026.02.26"]

1. e4 c5 2. Nf3 e6 3. Nc3 Nc6 4. d4 cxd4 5. Nxd4 Qc7 6. Be3 a6 7. g4 b5 8. Nxc6
Qxc6 9. Qd2 Bb7 10. Bg2 Rc8 11. O-O-O Bb4 12. Qd4 Be7 13. Qd3 Qc7 14. g5 h6 15.
h4 hxg5 16. hxg5 Rxh1 17. Rxh1 b4 18. Rh8 Kf8 19. Nd5 exd5 20. exd5 Bc5 21. Qh7
Bxe3+ 22. fxe3 Qe5 23. Rxg8+ Ke7 24. d6+ Kxd6 25. Bxb7 Qxe3+ 26. Kd1 Qd4+ 27.
Ke2 Qe5+ 28. Kf3 Rxg8 29. Qxg8 Qf5+ 30. Kg3 1/2-1/2

[Event "Prague Int Open 2026"]
[Site "Prague CZE"]
[Date "2026.02.27"]
[Round "2.16"]
[White "Gkoumas, Georgios"]
[Black "Durana, Jonas"]
[Result "1/2-1/2"]
[WhiteTitle "IM"]
[WhiteElo "2433"]
[BlackElo "2129"]
[WhiteFideId "4208935"]
[BlackFideId "73619663"]
[EventDate "2026.02.26"]

1. e4 c5 2. Nf3 Nc6 3. Bb5 e5 4. O-O Bd6 5. c3 a6 6. Ba4 b5 7. Bc2 Nge7 8. d3
O-O 9. Be3 Bb7 10. a4 Rb8 11. Na3 Ba8 12. axb5 axb5 13. d4 cxd4 14. cxd4 exd4
15. Nxd4 Nxd4 16. Bxd4 Qc7 17. e5 Bxe5 18. Bxh7+ Kxh7 19. Qh5+ Kg8 20. Qxe5 Qxe5
21. Bxe5 Rb6 22. Rad1 Rg6 23. f3 Bc6 24. Nc2 Nf5 25. Kf2 Re8 26. Rfe1 Rge6 27.
Bc3 Rxe1 28. Bxe1 Re6 29. Bc3 Rg6 30. Rg1 Re6 31. Ra1 Rg6 32. Nb4 Ne7 33. Rd1
Nf5 34. g4 Ne7 35. h4 Re6 36. g5 Kh7 37. h5 Nf5 38. Nxc6 dxc6 39. Rd7 Re7 40.
Rxe7 Nxe7 41. b4 Nd5 42. Bd2 g6 43. h6 Nb6 44. Ke3 Nd7 45. Kd4 Kg8 46. Bf4 Kh7
47. Bd6 Kg8 48. f4 Kh7 49. Ke4 Kg8 50. f5 Kh7 51. Kf4 Kg8 52. Ke4 Kh7 53. Kf4 1/2-1/2

[Event "Prague Int Open 2026"]
[Site "Prague CZE"]
[Date "2026.02.28"]
[Round "3.1"]
[White "Moroni, Luca Jr"]
[Black "Utsab, Chatterjee"]
[Result "1/2-1/2"]
[WhiteTitle "GM"]
[BlackTitle "IM"]
[WhiteElo "2563"]
[BlackElo "2312"]
[WhiteFideId "865834"]
[BlackFideId "46609148"]
[EventDate "2026.02.26"]

1. c4 e5 2. g3 c6 3. Nf3 e4 4. Nd4 d5 5. cxd5 Qxd5 6. Nc2 Nf6 7. Nc3 Qe5 8. Bg2
Be7 9. Ne3 Na6 10. a3 O-O 11. b4 Re8 12. Bb2 Bd8 13. Qc2 Qe7 14. O-O Nc7 15. f3
a5 16. bxa5 exf3 17. Rxf3 Rxa5 18. Raf1 Qc5 19. Kh1 Nb5 20. Rf4 Be6 21. a4 Nd6
22. Qc1 Qh5 23. Qb1 Qg6 24. Ba3 Bc7 25. Qxg6 hxg6 26. Rb4 Bc8 27. Ned1 Ra6 28.
Rb1 Nc4 29. Bc1 Nb6 30. Ra1 Be6 31. d3 Bb3 32. Rb1 Bc2 33. Rb2 Bxa4 34. Ne3 Be5
35. Nxa4 Bxb2 36. Nxb2 Ra2 37. Bf3 Rxe3 38. Bxe3 Rxb2 39. Ra1 Nfd5 40. Bd4 Rb4
41. Bc5 Rb5 42. Bd4 Nc7 43. h4 Ne6 44. Bf2 Kh7 45. Ra2 Nd7 46. d4 f5 47. e4 fxe4
48. Bxe4 Nf6 49. Bf3 Rb4 50. Rd2 g5 51. Re2 Nxd4 52. Bxd4 Rxd4 53. hxg5 Nd5 54.
Re6 g6 55. Be4 Kg7 56. Rxg6+ Kf7 57. Bf5 Rd1+ 58. Kh2 Rf1 59. g4 Ne7 60. Rf6+ 1/2-1/2

[Event "Prague Int Open 2026"]
[Site "Prague CZE"]
[Date "2026.02.28"]
[Round "3.2"]
[White "Sasikiran, Krishnan"]
[Black "Golis, Wiktor"]
[Result "1-0"]
[WhiteTitle "GM"]
[BlackTitle "FM"]
[WhiteElo "2538"]
[BlackElo "2287"]
[WhiteFideId "5004985"]
[BlackFideId "21055874"]
[EventDate "2026.02.26"]

1. Nf3 Nf6 2. g3 d5 3. Bg2 b6 4. c4 e6 5. cxd5 exd5 6. O-O Be7 7. Nc3 O-O 8. d4
Bb7 9. Bf4 c6 10. Qc2 Na6 11. Rad1 Nc7 12. Ng5 g6 13. h4 Nce8 14. e4 dxe4 15.
Ngxe4 Nd5 16. Bh6 Ng7 17. Rfe1 Re8 18. Nxd5 cxd5 19. Nc3 Bf6 20. Rxe8+ Nxe8 21.
Qb3 Nc7 22. Bf4 Ne6 23. Be5 Bxe5 24. dxe5 Qc7 25. Nxd5 Bxd5 26. Bxd5 Re8 27. Qe3
Kg7 28. Rc1 Qe7 29. a3 Rd8 30. Bxe6 Qxe6 31. h5 h6 32. hxg6 Qxg6 33. Kg2 Rd5 34.
Rc4 Rd3 35. Qe2 h5 36. e6 fxe6 37. Rc7+ Kf6 38. Rc4 Rd5 39. Qf3+ Rf5 40. Qc3+
Kg5 41. Qe3+ Kf6 42. Rc7 1-0

[Event "Prague Int Open 2026"]
[Site "Prague CZE"]
[Date "2026.02.28"]
[Round "3.3"]
[White "Safarov, Deniel"]
[Black "Zhao, Jun"]
[Result "0-1"]
[WhiteTitle "FM"]
[BlackTitle "GM"]
[WhiteElo "2288"]
[BlackElo "2533"]
[WhiteFideId "13619802"]
[BlackFideId "8602522"]
[EventDate "2026.02.26"]

1. c4 e6 2. Nf3 Nf6 3. g3 b6 4. Bg2 Bb7 5. O-O Be7 6. Nc3 O-O 7. Re1 d5 8. cxd5
Nxd5 9. Nxd5 exd5 10. d4 Nd7 11. Bf4 Re8 12. Rc1 c6 13. a3 Bf8 14. h4 h6 15. e3
Nf6 16. Ne5 c5 17. dxc5 bxc5 18. Qf3 Re6 19. Red1 Qe7 20. Nc4 Rd8 21. Na5 Ba8
22. Qe2 g6 23. Nb3 Rc6 24. Qc2 Rcc8 25. Qc3 Re8 26. Qa5 Ne4 27. Bh3 g5 28. Bxc8
gxf4 29. Bf5 fxg3 30. Bxe4 Qxe4 31. Kf1 d4 32. Qc7 Qg2+ 0-1

[Event "Prague Int Open 2026"]
[Site "Prague CZE"]
[Date "2026.02.28"]
[Round "3.4"]
[White "Sahidi, Samir"]
[Black "Orujov, Farid"]
[Result "1-0"]
[WhiteTitle "IM"]
[BlackTitle "FM"]
[WhiteElo "2522"]
[BlackElo "2283"]
[WhiteFideId "14936372"]
[BlackFideId "13423533"]
[EventDate "2026.02.26"]

1. d4 Nf6 2. c4 e6 3. Nf3 d5 4. g3 dxc4 5. Qc2 b5 6. a4 c6 7. Bg2 Bb7 8. O-O
Nbd7 9. b3 cxb3 10. Qxb3 a6 11. Rd1 Be7 12. Nc3 O-O 13. Ne5 Qc8 14. Ba3 Bxa3 15.
Qxa3 a5 16. Qe7 b4 17. Ne4 Nxe4 18. Bxe4 Nxe5 19. dxe5 Re8 20. Qc5 Qc7 21. Rd6
f6 22. Rad1 Re7 23. exf6 gxf6 24. Bb1 Rae8 25. Ba2 Kh8 26. h4 Kg8 27. Qf5 Kg7
28. Bxe6 c5 29. Qg4+ Kh8 30. Qf4 Kg7 31. Bc4 Rf8 32. Qg4+ Kh8 33. Rxf6 Rd8 34.
Rxd8+ Qxd8 35. Rd6 Qf8 36. Qg5 b3 37. Rd8 1-0

[Event "Prague Int Open 2026"]
[Site "Prague CZE"]
[Date "2026.02.28"]
[Round "3.5"]
[White "Domanskiy, Mykola"]
[Black "Krzyzanowski, Marcin"]
[Result "0-1"]
[BlackTitle "GM"]
[WhiteElo "2283"]
[BlackElo "2494"]
[WhiteFideId "34103716"]
[BlackFideId "1132199"]
[EventDate "2026.02.26"]

1. e4 c5 2. Nf3 d6 3. d4 cxd4 4. Nxd4 Nf6 5. Nc3 a6 6. h3 e5 7. Nf3 Be7 8. g4 b5
9. g5 Nfd7 10. Be3 Nb6 11. Qd2 N8d7 12. a4 bxa4 13. Nxa4 Nxa4 14. Rxa4 O-O 15.
h4 Rb8 16. b3 Nb6 17. Ra2 Bg4 18. Be2 Nc4 19. Qd3 d5 20. exd5 Nxe3 21. Qxe3 Qxd5
22. O-O Bc5 23. c4 Qd6 24. Qxe5 Qb6 25. Qf4 Bh3 26. Rb1 Bxf2+ 27. Kh2 Be3 28.
Qg3 Bf5 29. Rba1 Rfe8 30. Rxa6 Qxb3 31. R1a3 Qb1 32. Ra2 Qc1 33. Ra1 Bf4 0-1

[Event "Prague Int Open 2026"]
[Site "Prague CZE"]
[Date "2026.02.28"]
[Round "3.6"]
[White "Mayank, Chakraborty"]
[Black "Wallis, Christopher"]
[Result "1-0"]
[WhiteTitle "IM"]
[BlackTitle "FM"]
[WhiteElo "2473"]
[BlackElo "2277"]
[WhiteFideId "25659766"]
[BlackFideId "3204839"]
[EventDate "2026.02.26"]

1. e4 e6 2. d4 d5 3. Nc3 Nf6 4. Bg5 dxe4 5. Nxe4 Be7 6. Nxf6+ Bxf6 7. Bxf6 Qxf6
8. Nf3 O-O 9. Qd2 c5 10. O-O-O Rd8 11. Bd3 cxd4 12. Ng5 h6 13. Ne4 Qe7 14. g4
Nc6 15. g5 h5 16. f4 g6 17. Qe2 Kg7 18. Nf6 Qc5 19. Qe4 Qf5 20. Rhe1 Qxe4 21.
Bxe4 Bd7 22. Rd2 Rac8 23. Red1 Kf8 24. Bxc6 Bxc6 25. Rxd4 Rxd4 26. Rxd4 Ke7 27.
Rd2 Be8 28. Rd4 Bc6 29. Kd2 e5 30. fxe5 Ke6 31. c4 Kxe5 32. Ke3 a5 33. b3 b6 34.
h4 Ke6 35. Kf4 Bg2 36. Nd7 Rc6 37. Rd2 Bh3 38. Nf6 Bf5 39. Nxh5 Bb1 40. Nf6 a4
41. Re2+ Kd6 42. Rb2 Bf5 43. h5 axb3 44. axb3 Kc5 45. h6 Rc8 46. Re2 Be6 47.
Re5+ Kd6 48. Rb5 Kc6 49. Ke5 Ra8 50. Nd5 Ra1 51. Rxb6+ Kc5 52. Rb5+ Kc6 53. Kf6
Bxd5 54. Rxd5 1-0

[Event "Prague Int Open 2026"]
[Site "Prague CZE"]
[Date "2026.02.28"]
[Round "3.7"]
[White "Ciric, Pavle"]
[Black "Ioannidis, Evgenios"]
[Result "0-1"]
[WhiteTitle "FM"]
[BlackTitle "GM"]
[WhiteElo "2280"]
[BlackElo "2469"]
[WhiteFideId "974641"]
[BlackFideId "4229274"]
[EventDate "2026.02.26"]

1. e4 e5 2. Nf3 Nc6 3. Bb5 a6 4. Bxc6 dxc6 5. O-O f6 6. d4 exd4 7. Nxd4 Qd6 8.
Nc3 Bd7 9. Be3 O-O-O 10. f3 g5 11. Qe2 Ne7 12. Rad1 Ng6 13. Nb3 Qe5 14. Bd4 Qe6
15. Nc5 Bxc5 16. Bxc5 Kb8 17. Bf2 h5 18. Qe3 b6 19. Na4 c5 20. Nxc5 bxc5 21.
Qxc5 Kc8 22. Qa7 Qc6 23. Rd4 Qb7 24. Qc5 Qb5 25. Qa3 Nf4 26. c4 Qc6 27. Kh1 Be6
28. c5 Rxd4 29. Bxd4 Qb5 30. Re1 Rd8 31. Bxf6 Qe2 32. Rg1 Rd1 0-1

[Event "Prague Int Open 2026"]
[Site "Prague CZE"]
[Date "2026.02.28"]
[Round "3.8"]
[White "Zhao, Yuanhe"]
[Black "Manukyan, Sargis V."]
[Result "1/2-1/2"]
[WhiteTitle "IM"]
[BlackTitle "FM"]
[WhiteElo "2466"]
[BlackElo "2253"]
[WhiteFideId "8609497"]
[BlackFideId "13303465"]
[EventDate "2026.02.26"]

1. Nf3 d5 2. e3 Nf6 3. c4 e6 4. Nc3 Bd6 5. b3 O-O 6. Bb2 Re8 7. Nb5 Be7 8. Rc1
a6 9. Nc3 b6 10. cxd5 exd5 11. d4 Bd6 12. Bd3 Nbd7 13. O-O Bb7 14. Ne2 Ne4 15.
Ng3 g6 16. Qc2 Rc8 17. Qe2 Ra8 18. Rfd1 f5 19. Qc2 Rc8 20. a3 Qf6 21. b4 Re7 22.
Qb3 Rf7 23. Ne2 g5 24. b5 axb5 25. Bxb5 g4 26. Ne5 Nxe5 27. dxe5 Bxe5 28. Bxe5
Qxe5 29. Bc6 Bxc6 30. Rxc6 Rd8 31. Nf4 Nc5 32. Qa2 d4 33. g3 d3 34. a4 Rd7 35.
a5 Qe4 36. Rf6 bxa5 37. Rxf7 Rxf7 38. Qxa5 Qc4 39. Qa3 Qc2 40. Qa8+ Rf8 41. Qd5+
Kh8 42. Qe5+ Kg8 43. Qd5+ Kh8 1/2-1/2

[Event "Prague Int Open 2026"]
[Site "Prague CZE"]
[Date "2026.02.28"]
[Round "3.9"]
[White "Topencik, Bruno"]
[Black "Haring, Filip"]
[Result "0-1"]
[WhiteTitle "FM"]
[BlackTitle "GM"]
[WhiteElo "2258"]
[BlackElo "2461"]
[WhiteFideId "23716550"]
[BlackFideId "14933080"]
[EventDate "2026.02.26"]

1. d4 Nf6 2. c4 c5 3. d5 e6 4. Nc3 exd5 5. cxd5 d6 6. Nf3 g6 7. e4 Bg7 8. h3 O-O
9. Be2 Re8 10. Nd2 Na6 11. O-O Nc7 12. a4 b6 13. f4 Rb8 14. Bf3 Ba6 15. Re1 Nd7
16. Nf1 Bd4+ 17. Be3 Bxf1 18. Kxf1 Bxe3 19. Rxe3 Qh4 20. Ne2 b5 21. axb5 Nxb5
22. Rb3 Nd4 23. Rxb8 Rxb8 24. Nxd4 cxd4 25. Qd2 Nc5 26. Ra3 a5 27. e5 d3 28.
exd6 Qf6 29. Qc3 Qxd6 30. Rxa5 Nd7 31. g3 Qb6 32. Ra1 Qxb2 33. Qxb2 Rxb2 34. Rd1
Nc5 35. Ke1 f5 36. Rd2 Rb1+ 37. Rd1 Rb2 38. Rd2 Rb1+ 39. Rd1 Rb3 40. Kd2 Kf7 41.
Ke3 Ke7 42. Rd2 Kd6 43. g4 Rb7 44. Ra2 Re7+ 45. Kd2 g5 46. Rb2 gxf4 47. Rb6+ Ke5
48. Rb5 fxg4 49. hxg4 Rc7 50. Bg2 Ne4+ 51. Bxe4 Kxe4 52. d6 Rc2+ 53. Kd1 Rc6 54.
d7 0-1

[Event "Prague Int Open 2026"]
[Site "Prague CZE"]
[Date "2026.02.28"]
[Round "3.10"]
[White "Juhanak, Daniel"]
[Black "Gloeckler, Christian"]
[Result "0-1"]
[WhiteTitle "FM"]
[BlackTitle "IM"]
[WhiteElo "2250"]
[BlackElo "2444"]
[WhiteFideId "23718765"]
[BlackFideId "34608966"]
[EventDate "2026.02.26"]

1. e4 c5 2. Nf3 d6 3. d4 cxd4 4. Nxd4 Nf6 5. Nc3 a6 6. Nb3 Nbd7 7. g4 h6 8. Bg2
b5 9. h4 Bb7 10. g5 b4 11. Nd5 hxg5 12. hxg5 Rxh1+ 13. Bxh1 Nxd5 14. exd5 g6 15.
Be3 a5 16. Nd4 Ne5 17. f4 Nc4 18. Qe2 Ba6 19. Nc6 Qd7 20. Bd4 Nxb2 21. Qh2 Na4
22. O-O-O Nc3 23. Re1 Qg4 24. Kd2 Kd7 25. Bg2 Kc7 26. Bh3 Qh4 27. Nxe7 Re8 28.
Bf6 Bxe7 29. Bxe7 Qxe1+ 30. Kxe1 Rxe7+ 31. Be6 Nxd5 32. Qh7 Nxf4 33. Kf2 Nxe6
34. Qh8 Nd8 35. c3 Re5 36. cxb4 axb4 37. Qh4 Nc6 38. Qg3 Bc4 39. a3 b3 40. Qc3
Re2+ 41. Kf3 Rc2 42. Qe1 b2 43. Qb1 Rc3+ 44. Kf4 Rb3 45. a4 Bd3 0-1

[Event "Prague Int Open 2026"]
[Site "Prague CZE"]
[Date "2026.02.28"]
[Round "3.11"]
[White "Ftacnik, Lubomir"]
[Black "Imomkuzieva, Nilufarkhon"]
[Result "1/2-1/2"]
[WhiteTitle "GM"]
[BlackTitle "WFM"]
[WhiteElo "2422"]
[BlackElo "2232"]
[WhiteFideId "14900017"]
[BlackFideId "14216736"]
[EventDate "2026.02.26"]

1. c4 e6 2. Nf3 d5 3. e3 Nf6 4. Nc3 dxc4 5. Bxc4 a6 6. d4 b5 7. Bb3 Bb7 8. O-O
Nbd7 9. e4 b4 10. e5 bxc3 11. exf6 Qxf6 12. bxc3 Bd6 13. Ba4 Bxf3 14. Qxf3 Qxf3
15. gxf3 Ke7 16. Bc6 Rab8 17. c4 Bb4 18. Rb1 Rb6 19. Ba4 c5 20. Bg5+ f6 21. Be3
Rhb8 22. Rfd1 Bc3 23. Rbc1 Bxd4 24. Bxd7 Kxd7 25. Bxd4 cxd4 26. Rxd4+ Rd6 27.
Rh4 h6 28. c5 Rd2 29. Ra4 Rbb2 30. Rxa6 Rxa2 31. Ra1 Rxa1+ 32. Rxa1 Kc6 33. Ra6+ 1/2-1/2

[Event "Prague Int Open 2026"]
[Site "Prague CZE"]
[Date "2026.02.28"]
[Round "3.12"]
[White "Husek, Martin"]
[Black "Cnejev, Vladimir-Alexandru"]
[Result "0-1"]
[BlackTitle "FM"]
[WhiteElo "2242"]
[BlackElo "2414"]
[WhiteFideId "384054"]
[BlackFideId "1260898"]
[EventDate "2026.02.26"]

1. e4 e5 2. Nf3 Nc6 3. Bb5 f5 4. d3 fxe4 5. dxe4 Nf6 6. O-O d6 7. Qd3 a6 8. Ba4
Be7 9. a3 O-O 10. Bb3+ Kh8 11. Ng5 Qe8 12. Ne6 Bxe6 13. Bxe6 Nd4 14. Ba2 Qh5 15.
f3 d5 16. Nc3 dxe4 17. Nxe4 Rad8 18. Ng3 Qh4 19. Kh1 e4 20. fxe4 Ng4 21. h3 Qxg3
22. hxg4 Rxf1+ 23. Qxf1 Bd6 0-1